[Event "Week's Tournament Elo 1799- (WT1)"]
[Site "Biel, CH"]
[Date "2025.07.21"]
[Round "1"]
[White "Zumbrunn, Simon"]
[Black "Shahmammadli, Ramiz"]
[Result "1-0"]
[Board "17"]
[WhiteFideId "1364146"]
[BlackFideId "1349392"]
[WhiteElo "1686"]
[BlackElo "1503"]
[WhiteTeam "SUI"]
[BlackTeam "SUI"]
[WhiteClock "0:19:41"]
[BlackClock "0:04:55"]
[Variant "Standard"]

1. e4 {[%clk 1:00:59]}  e5 {[%clk 1:00:55]} 2. Nf3 {[%clk 1:01:27]}  Nc6 {[%clk 1:01:19]} 3. Bc4 {[%clk 1:01:52]}  Nf6 {[%clk 1:01:44]} 4. d3 {[%clk 1:02:16]}  Bc5 {[%clk 1:02:08]} 5. c3 {[%clk 1:02:36]}  d6 {[%clk 1:02:22]} 6. h3 {[%clk 1:02:11]}  a5 {[%clk 1:02:27]} 7. O-O {[%clk 1:01:29]}  Ba7 {[%clk 1:02:16]} 8. Be3 {[%clk 1:01:07]}  Bxe3 {[%clk 1:01:10]} 9. fxe3 {[%clk 1:01:33]}  O-O {[%clk 1:01:17]} 10. Nbd2 {[%clk 1:00:55]}  Be6 {[%clk 1:01:31]} 11. a4 {[%clk 0:59:55]}  Qe7 {[%clk 0:56:33]} 12. Qe2 {[%clk 0:56:14]}  Rad8 {[%clk 0:56:13]} 13. Rae1 {[%clk 0:52:45]}  d5 {[%clk 0:52:13]} 14. exd5 {[%clk 0:50:00]}  Nxd5 {[%clk 0:45:24]} 15. d4 {[%clk 0:43:13]}  exd4 {[%clk 0:42:27]} 16. exd4 {[%clk 0:42:22]}  Rfe8 {[%clk 0:34:21]} 17. Qf2 {[%clk 0:37:17]}  Qf6 {[%clk 0:32:11]} 18. Ne4 {[%clk 0:35:13]}  Qg6 {[%clk 0:28:12]} 19. Nh4 {[%clk 0:32:37]}  Qh5 {[%clk 0:21:23]} 20. Qg3 {[%clk 0:28:31]}  Kh8 {[%clk 0:24:51]} 21. Be2 {[%clk 0:26:04]}  Qh6 {[%clk 0:23:34]} 22. Bd3 {[%clk 0:23:14]}  Nde7 {[%clk 0:14:22]} 23. Ng5 {[%clk 0:17:30]}  g6 {[%clk 0:09:21]} 24. Rxe6 {[%clk 0:19:35]}  Qxg5 {[%clk 0:03:37]} 25. Qxg5 {[%clk 0:19:40]}  fxe6 {[%clk 0:04:02]} 26. Qf6+ {[%clk 0:19:52]}  Kg8 {[%clk 0:04:14]} 27. Qxe6+ {[%clk 0:19:49]}  Kh8 {[%clk 0:04:36]} 28. Qf6+ {[%clk 0:19:15]}  Kg8 {[%clk 0:04:55]} 29. Bc4+ {[%clk 0:19:41]} 1-0

[Event "Week's Tournament Elo 1799- (WT1)"]
[Site "Biel, CH"]
[Date "2025.07.21"]
[Round "1"]
[White "Pan, Haoquan"]
[Black "Khusainau, Dzmitry"]
[Result "1/2-1/2"]
[Board "18"]
[WhiteFideId "523003065"]
[BlackFideId "1367471"]
[WhiteElo "1496"]
[BlackElo "1682"]
[WhiteTeam "ESP"]
[BlackTeam "SUI"]
[WhiteClock "0:49:27"]
[BlackClock "0:25:49"]
[Variant "Standard"]

1. e4 {[%clk 1:00:57]}  c5 {[%clk 1:00:43]} 2. Nf3 {[%clk 1:01:19]}  g6 {[%clk 1:00:56]} 3. d4 {[%clk 1:01:20]}  cxd4 {[%clk 1:01:09]} 4. Nxd4 {[%clk 1:01:43]}  Nf6 {[%clk 1:01:29]} 5. Nc3 {[%clk 1:01:51]}  Nc6 {[%clk 1:01:49]} 6. Be3 {[%clk 1:01:49]}  Bg7 {[%clk 1:02:03]} 7. Bc4 {[%clk 1:01:45]}  Qa5 {[%clk 1:02:01]} 8. O-O {[%clk 1:01:10]}  O-O {[%clk 1:02:15]} 9. Nb3 {[%clk 0:57:51]}  Qd8 {[%clk 0:59:15]} 10. h3 {[%clk 0:57:50]}  d6 {[%clk 0:58:06]} 11. Qd2 {[%clk 0:58:03]}  Ne5 {[%clk 0:55:23]} 12. Be2 {[%clk 0:57:50]}  Re8 {[%clk 0:51:12]} 13. f4 {[%clk 0:57:09]}  Nc6 {[%clk 0:47:53]} 14. f5 {[%clk 0:57:19]}  Ne5 {[%clk 0:45:22]} 15. fxg6 {[%clk 0:56:11]}  fxg6 {[%clk 0:44:27]} 16. Bh6 {[%clk 0:55:24]}  Bd7 {[%clk 0:42:36]} 17. Bxg7 {[%clk 0:55:21]}  Kxg7 {[%clk 0:42:29]} 18. Nd4 {[%clk 0:49:32]}  Qc8 {[%clk 0:37:13]} 19. Nf3 {[%clk 0:48:54]}  Bxh3 {[%clk 0:32:52]} 20. gxh3 {[%clk 0:48:47]}  Qxh3 {[%clk 0:33:13]} 21. Nxe5 {[%clk 0:49:02]}  Qg3+ {[%clk 0:31:15]} 22. Kh1 {[%clk 0:49:09]}  Qh3+ {[%clk 0:30:10]} 23. Kg1 {[%clk 0:49:31]}  Qg3+ {[%clk 0:25:49]} 24. Kh1 {[%clk 0:49:27]} 1/2-1/2

[Event "Week's Tournament Elo 1799- (WT1)"]
[Site "Biel, CH"]
[Date "2025.07.21"]
[Round "1"]
[White "Saxer, Bruno"]
[Black "Archit Saigal"]
[Result "0-1"]
[Board "19"]
[WhiteFideId "1313657"]
[BlackFideId "46631291"]
[WhiteElo "1674"]
[BlackElo "1494"]
[WhiteTeam "SUI"]
[BlackTeam "IND"]
[WhiteClock "0:44:51"]
[BlackClock "0:01:22"]
[Variant "Standard"]

1. e4 {[%clk 1:00:57]}  c6 {[%clk 0:58:37]} 2. d4 {[%clk 1:01:04]}  d5 {[%clk 0:59:00]} 3. e5 {[%clk 1:01:14]}  c5 {[%clk 0:59:23]} 4. c3 {[%clk 1:01:30]}  Nc6 {[%clk 0:59:44]} 5. Nf3 {[%clk 1:01:36]}  Bg4 {[%clk 0:59:54]} 6. Be2 {[%clk 1:01:05]}  e6 {[%clk 1:00:02]} 7. O-O {[%clk 1:00:47]}  Nge7 {[%clk 0:57:13]} 8. h3 {[%clk 1:00:31]}  Bxf3 {[%clk 0:49:54]} 9. Bxf3 {[%clk 1:00:48]}  cxd4 {[%clk 0:48:10]} 10. cxd4 {[%clk 1:00:54]}  Nf5 {[%clk 0:48:18]} 11. Be3 {[%clk 1:00:02]}  Be7 {[%clk 0:48:11]} 12. Nc3 {[%clk 0:59:36]}  O-O {[%clk 0:47:34]} 13. Rc1 {[%clk 0:59:08]}  Rc8 {[%clk 0:43:40]} 14. a3 {[%clk 0:59:17]}  Na5 {[%clk 0:36:10]} 15. Be2 {[%clk 0:56:34]}  Nc4 {[%clk 0:37:00]} 16. Bxc4 {[%clk 0:56:26]}  Rxc4 {[%clk 0:37:13]} 17. b3 {[%clk 0:54:55]}  Rc6 {[%clk 0:34:57]} 18. b4 {[%clk 0:54:35]}  a5 {[%clk 0:28:16]} 19. bxa5 {[%clk 0:51:13]}  Bxa3 {[%clk 0:27:39]} 20. Rc2 {[%clk 0:48:57]}  Bb4 {[%clk 0:18:12]} 21. Ne2 {[%clk 0:47:42]}  Rxc2 {[%clk 0:16:49]} 22. Qxc2 {[%clk 0:48:03]}  Qxa5 {[%clk 0:16:38]} 23. Rc1 {[%clk 0:47:29]}  Nxe3 {[%clk 0:15:48]} 24. fxe3 {[%clk 0:47:33]}  Bd2 {[%clk 0:16:07]} 25. Rf1 {[%clk 0:46:26]}  Bxe3+ {[%clk 0:16:02]} 26. Kh1 {[%clk 0:45:26]}  Qd2 {[%clk 0:13:42]} 27. Qxd2 {[%clk 0:46:55]}  Bxd2 {[%clk 0:14:10]} 28. Rd1 {[%clk 0:46:59]}  Bg5 {[%clk 0:12:47]} 29. g3 {[%clk 0:47:07]}  b5 {[%clk 0:07:22]} 30. h4 {[%clk 0:47:18]}  Be7 {[%clk 0:05:35]} 31. Rb1 {[%clk 0:45:32]}  b4 {[%clk 0:05:06]} 32. Nc1 {[%clk 0:45:43]}  Rb8 {[%clk 0:04:46]} 33. Nd3 {[%clk 0:45:07]}  b3 {[%clk 0:02:38]} 34. Nc5 {[%clk 0:44:09]}  b2 {[%clk 0:02:03]} 35. Kg2 {[%clk 0:45:14]}  Rb5 {[%clk 0:01:21]} 36. Kf2 {[%clk 0:43:55]}  h5 {[%clk 0:01:08]} 37. Ke2 {[%clk 0:45:11]}  Bxc5 {[%clk 0:01:02]} 38. dxc5 {[%clk 0:45:26]}  Kf8 {[%clk 0:00:54]} 39. Kd2 {[%clk 0:44:57]}  Ke8 {[%clk 0:00:59]} 40. c6 {[%clk 0:45:07]}  Kd8 {[%clk 0:01:18]} 41. Kc2 {[%clk 0:44:34]}  Kc7 {[%clk 0:01:14]} 42. Rxb2 {[%clk 0:44:45]}  Rxb2+ {[%clk 0:01:42]} 43. Kxb2 {[%clk 0:44:55]}  Kxc6 {[%clk 0:01:56]} 44. Kc3 {[%clk 0:45:05]}  Kc5 {[%clk 0:02:20]} 45. Kd3 {[%clk 0:45:24]}  d4 {[%clk 0:02:43]} 46. Ke4 {[%clk 0:44:51]}  Kc4 {[%clk 0:01:22]} 0-1

[Event "Week's Tournament Elo 1799- (WT1)"]
[Site "Biel, CH"]
[Date "2025.07.21"]
[Round "1"]
[White "Briechle, Dennnis"]
[Black "Filimonov, Arsenii"]
[Result "0-1"]
[Board "20"]
[WhiteFideId "1364359"]
[BlackFideId "34171584"]
[WhiteElo "1485"]
[BlackElo "1666"]
[WhiteTeam "SUI"]
[BlackTeam "SUI"]
[WhiteClock "0:21:44"]
[BlackClock "0:18:23"]
[Variant "Standard"]

1. c4 {[%clk 1:00:56]}  c5 {[%clk 1:00:47]} 2. d3 {[%clk 1:01:19]}  Nc6 {[%clk 1:00:43]} 3. Nf3 {[%clk 1:01:23]}  e5 {[%clk 0:59:18]} 4. Nc3 {[%clk 1:01:00]}  d6 {[%clk 0:58:36]} 5. g3 {[%clk 1:00:44]}  Nge7 {[%clk 0:58:35]} 6. Bg2 {[%clk 1:00:03]}  a6 {[%clk 0:57:59]} 7. O-O {[%clk 0:59:10]}  Rb8 {[%clk 0:57:55]} 8. a3 {[%clk 0:57:23]}  b5 {[%clk 0:57:27]} 9. b3 {[%clk 0:56:39]}  g6 {[%clk 0:55:55]} 10. Nd5 {[%clk 0:56:29]}  Nxd5 {[%clk 0:54:55]} 11. cxd5 {[%clk 0:56:55]}  Ne7 {[%clk 0:54:54]} 12. e4 {[%clk 0:57:08]}  Bg7 {[%clk 0:54:09]} 13. Bg5 {[%clk 0:56:22]}  h6 {[%clk 0:52:27]} 14. Be3 {[%clk 0:54:29]}  O-O {[%clk 0:52:14]} 15. Rb1 {[%clk 0:53:06]}  f5 {[%clk 0:49:48]} 16. b4 {[%clk 0:50:26]}  f4 {[%clk 0:49:20]} 17. Bd2 {[%clk 0:50:36]}  g5 {[%clk 0:45:02]} 18. Bc3 {[%clk 0:48:47]}  Bg4 {[%clk 0:42:46]} 19. Qb3 {[%clk 0:44:39]}  Bxf3 {[%clk 0:39:18]} 20. Bxf3 {[%clk 0:44:36]}  Kh7 {[%clk 0:39:15]} 21. bxc5 {[%clk 0:41:46]}  dxc5 {[%clk 0:39:34]} 22. Qb2 {[%clk 0:40:11]}  Qd6 {[%clk 0:37:52]} 23. Bh5 {[%clk 0:38:57]}  Ng6 {[%clk 0:33:18]} 24. Bg4 {[%clk 0:36:19]}  Bf6 {[%clk 0:31:01]} 25. Bf5 {[%clk 0:36:33]}  Kg7 {[%clk 0:30:55]} 26. Qa1 {[%clk 0:35:15]}  h5 {[%clk 0:28:58]} 27. Qb2 {[%clk 0:34:17]}  Rbe8 {[%clk 0:25:33]} 28. Qe2 {[%clk 0:34:08]}  Rh8 {[%clk 0:24:29]} 29. Rbc1 {[%clk 0:28:28]}  Ne7 {[%clk 0:21:46]} 30. g4 {[%clk 0:29:10]}  Nxf5 {[%clk 0:21:30]} 31. gxf5 {[%clk 0:29:27]}  g4 {[%clk 0:20:00]} 32. f3 {[%clk 0:28:35]}  Kf7 {[%clk 0:19:38]} 33. fxg4 {[%clk 0:28:34]}  hxg4 {[%clk 0:19:50]} 34. Rf2 {[%clk 0:26:10]}  Rh4 {[%clk 0:19:17]} 35. Kh1 {[%clk 0:25:06]}  Reh8 {[%clk 0:18:51]} 36. Rg1 {[%clk 0:21:44]}  g3 {[%clk 0:18:23]} 0-1

[Event "Week's Tournament Elo 1799- (WT1)"]
[Site "Biel, CH"]
[Date "2025.07.22"]
[Round "2"]
[White "Bachmann, Daniel"]
[Black "Yehuda, Beeri"]
[Result "1-0"]
[Board "1"]
[WhiteFideId "1357492"]
[BlackFideId "2851474"]
[WhiteElo "1766"]
[BlackElo "1666"]
[WhiteTeam "SUI"]
[BlackTeam "ISR"]
[WhiteClock "0:04:06"]
[BlackClock "0:00:49"]
[Variant "Standard"]

1. e4 {[%clk 0:59:46]}  e6 {[%clk 1:00:55]} 2. d4 {[%clk 1:00:04]}  d5 {[%clk 1:01:19]} 3. e5 {[%clk 1:00:31]}  c5 {[%clk 1:01:38]} 4. c3 {[%clk 1:00:54]}  Nc6 {[%clk 1:02:04]} 5. Nf3 {[%clk 1:01:19]}  Qb6 {[%clk 1:02:27]} 6. Bd3 {[%clk 1:01:37]}  cxd4 {[%clk 1:02:47]} 7. cxd4 {[%clk 1:01:53]}  Bd7 {[%clk 1:03:04]} 8. O-O {[%clk 1:02:18]}  Nxd4 {[%clk 1:03:10]} 9. Nbd2 {[%clk 1:02:44]}  Bc5 {[%clk 1:03:12]} 10. b4 {[%clk 1:03:08]}  Nxf3+ {[%clk 1:00:14]} 11. Nxf3 {[%clk 1:03:36]}  Qxb4 {[%clk 0:57:05]} 12. Rb1 {[%clk 1:01:24]}  Qa4 {[%clk 0:54:40]} 13. Qe2 {[%clk 1:03:42]}  b6 {[%clk 0:51:32]} 14. Ng5 {[%clk 1:01:40]}  Nh6 {[%clk 0:44:35]} 15. Bd2 {[%clk 0:59:24]}  Qg4 {[%clk 0:35:34]} 16. Nf3 {[%clk 0:59:51]}  Qh5 {[%clk 0:24:58]} 17. h3 {[%clk 1:00:09]}  f5 {[%clk 0:24:45]} 18. exf6 {[%clk 0:59:28]}  gxf6 {[%clk 0:24:33]} 19. Bb5 {[%clk 0:58:50]}  Rg8 {[%clk 0:22:07]} 20. Qxe6+ {[%clk 0:59:09]}  Kf8 {[%clk 0:21:01]} 21. Bxd7 {[%clk 0:53:15]}  Kg7 {[%clk 0:10:11]} 22. Bc6 {[%clk 0:43:53]}  Raf8 {[%clk 0:09:53]} 23. Bxd5 {[%clk 0:44:17]}  Kh8 {[%clk 0:07:54]} 24. Bxh6 {[%clk 0:40:16]}  Qxh6 {[%clk 0:09:30]} 25. Rbe1 {[%clk 0:20:26]}  Rg6 {[%clk 0:06:00]} 26. Qf5 {[%clk 0:19:15]}  Qg7 {[%clk 0:02:56]} 27. Nh4 {[%clk 0:14:04]}  Rg5 {[%clk 0:05:35]} 28. Qf3 {[%clk 0:09:45]}  f5 {[%clk 0:01:23]} 29. Kh1 {[%clk 0:13:39]}  Qd4 {[%clk 0:01:04]} 30. g3 {[%clk 0:12:42]}  f4 {[%clk 0:01:01]} 31. Rd1 {[%clk 0:10:38]}  Qf6 {[%clk 0:00:36]} 32. g4 {[%clk 0:07:59]}  h5 {[%clk 0:00:42]} 33. Nf5 {[%clk 0:06:40]}  hxg4 {[%clk 0:00:50]} 34. hxg4 {[%clk 0:07:02]}  Rxf5 {[%clk 0:00:32]} 35. Qh3+ {[%clk 0:06:30]}  Kg7 {[%clk 0:00:48]} 36. gxf5 {[%clk 0:06:40]}  Rh8 {[%clk 0:00:34]} 37. Rg1+ {[%clk 0:07:09]}  Kf8 {[%clk 0:00:51]} 38. Rg8+ {[%clk 0:04:54]}  Rxg8 {[%clk 0:01:08]} 39. Bxg8 {[%clk 0:05:13]}  Kxg8 {[%clk 0:01:15]} 40. Rg1+ {[%clk 0:04:20]}  Kf8 {[%clk 0:01:28]} 41. Rg6 {[%clk 0:04:44]}  Qa1+ {[%clk 0:00:58]} 42. Kg2 {[%clk 0:03:54]}  Bd4 {[%clk 0:00:47]} 43. Qa3+ {[%clk 0:02:51]}  Bc5 {[%clk 0:00:53]} 44. Qb3 {[%clk 0:03:17]}  f3+ {[%clk 0:00:58]} 45. Qxf3 {[%clk 0:03:09]}  Qd4 {[%clk 0:00:49]} 46. Qa8+ {[%clk 0:03:30]}  Ke7 {[%clk 0:00:37]} 47. Qb7+ {[%clk 0:03:29]}  Kf8 {[%clk 0:00:40]} 48. Qc8+ {[%clk 0:03:40]}  Ke7 {[%clk 0:00:33]} 49. Qe6+ {[%clk 0:03:28]}  Kd8 {[%clk 0:00:42]} 50. Rg8+ {[%clk 0:03:50]}  Kc7 {[%clk 0:00:49]} 51. Qc8+ {[%clk 0:04:06]} 1-0

[Event "Week's Tournament Elo 1799- (WT1)"]
[Site "Biel, CH"]
[Date "2025.07.22"]
[Round "2"]
[White "Guidi, Elia"]
[Black "Buntschu, Kurt"]
[Result "0-1"]
[Board "2"]
[WhiteFideId "1351931"]
[BlackFideId "1325884"]
[WhiteElo "1653"]
[BlackElo "1762"]
[WhiteTeam "SUI"]
[BlackTeam "SUI"]
[WhiteClock "0:09:15"]
[BlackClock "0:01:30"]
[Variant "Standard"]

1. d4 {[%clk 1:00:52]}  Nf6 {[%clk 1:00:51]} 2. c4 {[%clk 1:01:15]}  e6 {[%clk 1:01:17]} 3. Nf3 {[%clk 1:01:25]}  c5 {[%clk 1:01:31]} 4. Bg5 {[%clk 1:00:58]}  g6 {[%clk 0:59:48]} 5. e4 {[%clk 0:58:37]}  h6 {[%clk 1:00:09]} 6. Bxf6 {[%clk 0:56:19]}  Qxf6 {[%clk 1:00:32]} 7. Nc3 {[%clk 0:45:33]}  a6 {[%clk 0:46:31]} 8. d5 {[%clk 0:54:47]}  d6 {[%clk 0:43:33]} 9. Bd3 {[%clk 0:49:26]}  e5 {[%clk 0:43:13]} 10. h3 {[%clk 0:49:45]}  Bg7 {[%clk 0:43:36]} 11. O-O {[%clk 0:49:33]}  O-O {[%clk 0:43:53]} 12. Rb1 {[%clk 0:42:49]}  Qe7 {[%clk 0:42:30]} 13. Ne2 {[%clk 0:37:58]}  f5 {[%clk 0:41:12]} 14. exf5 {[%clk 0:38:14]}  e4 {[%clk 0:41:36]} 15. fxg6 {[%clk 0:37:17]}  exf3 {[%clk 0:41:10]} 16. Ng3 {[%clk 0:31:51]}  fxg2 {[%clk 0:35:14]} 17. Re1 {[%clk 0:37:25]}  Qh4 {[%clk 0:33:36]} 18. Re4 {[%clk 0:36:08]}  Qf6 {[%clk 0:28:19]} 19. Qe2 {[%clk 0:35:39]}  Bxh3 {[%clk 0:24:41]} 20. Nh5 {[%clk 0:35:28]}  Qf3 {[%clk 0:09:07]} 21. Re7 {[%clk 0:19:47]}  Bd4 {[%clk 0:02:25]} 22. Qxf3 {[%clk 0:15:19]}  Rxf3 {[%clk 0:02:49]} 23. g7 {[%clk 0:15:43]}  Nd7 {[%clk 0:02:43]} 24. Re2 {[%clk 0:10:18]}  Rxd3 {[%clk 0:02:51]} 25. Rbe1 {[%clk 0:10:42]}  Ne5 {[%clk 0:02:01]} 26. Kh2 {[%clk 0:09:31]}  Nf3+ {[%clk 0:02:03]} 27. Kxh3 {[%clk 0:09:15]}  Nxe1+ {[%clk 0:01:30]} 0-1

[Event "Week's Tournament Elo 1799- (WT1)"]
[Site "Biel, CH"]
[Date "2025.07.22"]
[Round "2"]
[White "Dubel, Nathan"]
[Black "Thorens, Johan"]
[Result "0-1"]
[Board "3"]
[WhiteFideId "1359410"]
[BlackFideId "1364375"]
[WhiteElo "1762"]
[BlackElo "1657"]
[WhiteTeam "SUI"]
[BlackTeam "SUI"]
[WhiteClock "0:26:53"]
[BlackClock "0:30:34"]
[Variant "Standard"]

1. d4 {[%clk 1:00:57]}  d5 {[%clk 1:00:55]} 2. c4 {[%clk 1:00:52]}  e6 {[%clk 1:01:20]} 3. Nc3 {[%clk 1:01:40]}  a6 {[%clk 1:01:43]} 4. cxd5 {[%clk 1:01:56]}  exd5 {[%clk 1:02:03]} 5. Bf4 {[%clk 1:02:09]}  Nf6 {[%clk 1:02:10]} 6. e3 {[%clk 1:01:02]}  Bd6 {[%clk 1:00:58]} 7. Bxd6 {[%clk 1:00:54]}  Qxd6 {[%clk 0:59:12]} 8. Bd3 {[%clk 1:00:52]}  Be6 {[%clk 0:53:47]} 9. Qb3 {[%clk 0:54:40]}  b6 {[%clk 0:54:26]} 10. Nf3 {[%clk 0:51:40]}  c5 {[%clk 0:53:12]} 11. Qa4+ {[%clk 0:49:02]}  Bd7 {[%clk 0:46:38]} 12. Nb5 {[%clk 0:42:15]}  Qc6 {[%clk 0:40:49]} 13. Ne5 {[%clk 0:39:29]}  axb5 {[%clk 0:37:46]} 14. Qd1 {[%clk 0:36:59]}  Qc7 {[%clk 0:36:18]} 15. Nxd7 {[%clk 0:36:52]}  Qxd7 {[%clk 0:34:38]} 16. Qe2 {[%clk 0:35:31]}  c4 {[%clk 0:35:34]} 17. Bc2 {[%clk 0:35:10]}  Nc6 {[%clk 0:33:48]} 18. O-O {[%clk 0:34:38]}  O-O {[%clk 0:30:34]} 19. Rfc1 {[%clk 0:32:18]}  Rfe8 {[%clk 0:34:04]} 20. a3 {[%clk 0:30:38]}  Nxd4 {[%clk 0:33:23]} 21. Qd2 {[%clk 0:28:25]}  Nxc2 {[%clk 0:33:11]} 22. Qxc2 {[%clk 0:29:29]}  Qe6 {[%clk 0:31:19]} 23. Qd1 {[%clk 0:26:30]}  Ne4 {[%clk 0:30:53]} 24. Qd4 {[%clk 0:26:53]}  Nc5 {[%clk 0:30:34]} 0-1

[Event "Week's Tournament Elo 1799- (WT1)"]
[Site "Biel, CH"]
[Date "2025.07.22"]
[Round "2"]
[White "Ben-Avi, Dotan"]
[Black "Belmadani, Naim"]
[Result "1-0"]
[Board "4"]
[WhiteFideId "2847965"]
[BlackFideId "1354302"]
[WhiteElo "1615"]
[BlackElo "1750"]
[WhiteTeam "ISR"]
[BlackTeam "SUI"]
[WhiteClock "0:02:18"]
[BlackClock "0:01:26"]
[Variant "Standard"]

1. c4 {[%clk 1:00:54]}  c5 {[%clk 0:59:54]} 2. Nc3 {[%clk 1:01:18]}  Nf6 {[%clk 1:00:11]} 3. g3 {[%clk 1:01:16]}  Nc6 {[%clk 0:59:35]} 4. Bg2 {[%clk 1:00:29]}  e6 {[%clk 0:59:40]} 5. e4 {[%clk 0:58:38]}  g6 {[%clk 0:53:22]} 6. Nge2 {[%clk 0:58:49]}  Bg7 {[%clk 0:51:23]} 7. d3 {[%clk 0:57:37]}  d6 {[%clk 0:51:18]} 8. O-O {[%clk 0:57:24]}  Bd7 {[%clk 0:50:56]} 9. h3 {[%clk 0:55:54]}  Rb8 {[%clk 0:50:04]} 10. Be3 {[%clk 0:55:07]}  a6 {[%clk 0:46:42]} 11. a4 {[%clk 0:53:39]}  Nb4 {[%clk 0:48:39]} 12. Qd2 {[%clk 0:52:00]}  Bc6 {[%clk 0:44:37]} 13. d4 {[%clk 0:48:40]}  cxd4 {[%clk 0:40:03]} 14. Nxd4 {[%clk 0:47:53]}  Bd7 {[%clk 0:39:46]} 15. Nce2 {[%clk 0:41:55]}  Nc6 {[%clk 0:38:42]} 16. b4 {[%clk 0:36:06]}  Ne5 {[%clk 0:37:30]} 17. Rfc1 {[%clk 0:34:53]}  Rc8 {[%clk 0:36:35]} 18. c5 {[%clk 0:33:06]}  dxc5 {[%clk 0:36:11]} 19. bxc5 {[%clk 0:32:56]}  O-O {[%clk 0:35:00]} 20. Rab1 {[%clk 0:25:48]}  Rc7 {[%clk 0:33:14]} 21. a5 {[%clk 0:23:15]}  Qe7 {[%clk 0:26:13]} 22. f4 {[%clk 0:18:14]}  Nc6 {[%clk 0:31:37]} 23. g4 {[%clk 0:16:17]}  Rd8 {[%clk 0:27:51]} 24. e5 {[%clk 0:13:27]}  Nd5 {[%clk 0:27:42]} 25. Bxd5 {[%clk 0:13:18]}  exd5 {[%clk 0:27:24]} 26. Kg2 {[%clk 0:03:31]}  f6 {[%clk 0:17:55]} 27. exf6 {[%clk 0:09:01]}  Bxf6 {[%clk 0:15:49]} 28. Nf3 {[%clk 0:05:06]}  Kh8 {[%clk 0:13:31]} 29. Ned4 {[%clk 0:04:42]}  Qf7 {[%clk 0:10:04]} 30. Bf2 {[%clk 0:03:38]}  Rf8 {[%clk 0:09:04]} 31. Bg3 {[%clk 0:03:14]}  Bc8 {[%clk 0:03:28]} 32. g5 {[%clk 0:01:57]}  Bg7 {[%clk 0:03:35]} 33. f5 {[%clk 0:02:08]}  Nxd4 {[%clk 0:01:22]} 34. Nxd4 {[%clk 0:02:21]}  Bxf5 {[%clk 0:01:15]} 35. Nxf5 {[%clk 0:02:17]}  gxf5 {[%clk 0:01:18]} 36. Bxc7 {[%clk 0:02:27]}  Qxc7 {[%clk 0:01:44]} 37. Qxd5 {[%clk 0:02:35]}  Rd8 {[%clk 0:01:51]} 38. Rxb7 {[%clk 0:01:51]}  Qxa5 {[%clk 0:02:18]} 39. Rd7 {[%clk 0:01:21]}  Re8 {[%clk 0:01:24]} 40. Rf1 {[%clk 0:01:23]}  Qa4 {[%clk 0:00:59]} 41. Rd8 {[%clk 0:00:59]}  Bc3 {[%clk 0:00:33]} 42. Rxe8+ {[%clk 0:00:53]}  Qxe8 {[%clk 0:00:58]} 43. Qxf5 {[%clk 0:01:01]}  Kg7 {[%clk 0:00:49]} 44. h4 {[%clk 0:01:05]}  Bd4 {[%clk 0:01:02]} 45. Qc2 {[%clk 0:00:46]}  Qe6 {[%clk 0:01:14]} 46. Qf5 {[%clk 0:00:38]}  Qe7 {[%clk 0:00:59]} 47. c6 {[%clk 0:00:52]}  a5 {[%clk 0:00:46]} 48. Qd7 {[%clk 0:01:07]}  Qxd7 {[%clk 0:00:40]} 49. cxd7 {[%clk 0:01:30]}  Bb6 {[%clk 0:01:01]} 50. Re1 {[%clk 0:01:25]}  Kf7 {[%clk 0:00:50]} 51. h5 {[%clk 0:01:43]}  a4 {[%clk 0:00:53]} 52. Re8 {[%clk 0:01:40]}  a3 {[%clk 0:01:02]} 53. d8=Q {[%clk 0:01:54]}  Bxd8 {[%clk 0:01:26]} 54. Rxd8 {[%clk 0:02:18]} 1-0

[Event "Week's Tournament Elo 1799- (WT1)"]
[Site "Biel, CH"]
[Date "2025.07.22"]
[Round "2"]
[White "Delaquis, Gianluca"]
[Black "Schlegel, Thomas"]
[Result "1-0"]
[Board "5"]
[WhiteFideId "1363620"]
[BlackFideId "1333690"]
[WhiteElo "1746"]
[BlackElo "1632"]
[WhiteTeam "SUI"]
[BlackTeam "SUI"]
[WhiteClock "1:40:30"]
[BlackClock "0:02:32"]
[Variant "Standard"]

1. e4 {[%clk 1:00:48]}  e6 {[%clk 1:00:53]} 2. d4 {[%clk 1:00:31]}  d5 {[%clk 1:01:11]} 3. e5 {[%clk 1:00:24]}  Bd7 {[%clk 1:01:17]} 4. Nf3 {[%clk 0:59:45]}  a6 {[%clk 1:01:26]} 5. Bd3 {[%clk 0:58:29]}  Bb5 {[%clk 1:01:48]} 6. O-O {[%clk 0:51:08]}  Bxd3 {[%clk 1:01:09]} 7. Qxd3 {[%clk 0:51:27]}  Ne7 {[%clk 0:58:25]} 8. Bg5 {[%clk 0:50:23]}  h6 {[%clk 0:57:06]} 9. Bh4 {[%clk 0:48:19]}  g5 {[%clk 0:55:53]} 10. Bg3 {[%clk 0:48:36]}  Nf5 {[%clk 0:56:01]} 11. Nbd2 {[%clk 0:46:22]}  Nc6 {[%clk 0:54:56]} 12. c3 {[%clk 0:40:33]}  h5 {[%clk 0:48:05]} 13. h3 {[%clk 0:42:29]}  g4 {[%clk 0:46:51]} 14. hxg4 {[%clk 0:42:08]}  Nxg3 {[%clk 0:43:43]} 15. fxg3 {[%clk 0:35:56]}  hxg4 {[%clk 0:34:44]} 16. Nh4 {[%clk 0:31:58]}  Be7 {[%clk 0:33:49]} 17. Rxf7 {[%clk 0:21:23]}  Rxh4 {[%clk 0:27:42]} 18. Qg6 {[%clk 0:20:17]}  Rh8 {[%clk 0:20:20]} 19. Rf8+ {[%clk 0:28:08]}  Kd7 {[%clk 0:18:21]} 20. Rxd8+ {[%clk 0:27:35]}  Raxd8 {[%clk 0:19:44]} 21. Rf1 {[%clk 0:24:19]}  Rdg8 {[%clk 0:17:56]} 22. Qd3 {[%clk 0:13:00]}  Bg5 {[%clk 0:15:29]} 23. Rf7+ {[%clk 0:17:57]}  Ne7 {[%clk 0:15:03]} 24. c4 {[%clk 0:14:12]}  Ke8 {[%clk 0:08:25]} 25. Rf2 {[%clk 0:13:03]}  Nf5 {[%clk 0:06:43]} 26. Nf1 {[%clk 0:06:25]}  c6 {[%clk 0:04:45]} 27. cxd5 {[%clk 0:06:46]}  cxd5 {[%clk 0:04:14]} 28. Rc2 {[%clk 0:03:30]}  Kd7 {[%clk 0:02:51]} 29. Qb3 {[%clk 0:04:24]}  Rb8 {[%clk 0:02:03]} 30. Qb6 {[%clk 0:03:27]}  Rhc8 {[%clk 0:01:06]} 31. Rxc8 {[%clk 0:04:52]}  Rxc8 {[%clk 0:00:12]} 32. Qxb7+ {[%clk 0:05:05]}  Kd8 {[%clk 0:01:21]} 33. Qb6+ {[%clk 0:05:15]}  Ke7 {[%clk 0:00:55]} 34. Qb7+ {[%clk 0:05:01]}  Kd8 {[%clk 0:01:18]} 35. Qxa6 {[%clk 0:04:09]}  Nxd4 {[%clk 0:01:40]} 36. Qb6+ {[%clk 0:03:47]}  Ke7 {[%clk 0:01:46]} 37. Qxd4 {[%clk 0:03:50]}  Rc4 {[%clk 0:02:14]} 38. Qa7+ {[%clk 0:03:49]}  Kf8 {[%clk 0:01:26]} 39. Qb8+ {[%clk 0:03:09]}  Kf7 {[%clk 0:02:44]} 40. Qa7+ {[%clk 0:01:37]}  Kg6 {[%clk 0:01:40]} 41. Qa6 {[%clk 0:01:28]}  Kf5 {[%clk 0:00:43]} 42. b3 {[%clk 0:00:31]}  Rc3 {[%clk 0:02:25]} 43. Qe2 {[%clk 0:00:38]}  d4 {[%clk 0:02:54]} 44. Kh2 {[%clk 0:00:47]}  d3 {[%clk 0:01:24]} 45. Ne3+ {[%clk 0:00:46]}  Ke4 {[%clk 0:00:40]} 46. Qxg4+ {[%clk 0:00:54]}  Kxe3 {[%clk 0:00:45]} 47. Qxg5+ {[%clk 0:01:18]}  Ke2 {[%clk 0:01:12]} 48. Qg4+ {[%clk 0:00:49]}  Ke1 {[%clk 0:01:13]} 49. Qe4+ {[%clk 0:00:49]}  Kd2 {[%clk 0:01:41]} 50. Qf4+ {[%clk 0:00:25]}  Kc2 {[%clk 0:01:57]} 51. Qe4 {[%clk 0:00:55]}  Kc1 {[%clk 0:01:44]} 52. Qe1+ {[%clk 0:00:47]}  Kc2 {[%clk 0:01:43]} 53. Qe4 {[%clk 0:00:52]}  Kc1 {[%clk 0:02:11]} 54. Qd4 {[%clk 0:00:46]}  Kc2 {[%clk 0:02:17]} 55. g4 {[%clk 0:00:39]}  d2 {[%clk 0:02:20]} 56. Qe4+ {[%clk 0:00:33]}  Kc1 {[%clk 0:02:25]} 57. Qd4 {[%clk 0:00:37]}  Rc2 {[%clk 0:02:32]} 58. Qa1# {[%clk 1:40:30]} 1-0